Berkeley Castle : (Запис № 473039)

МАРК-запис
000 -LEADER
fixed length control field 01241nam a2200241Mu 4500
001 - CONTROL NUMBER
control field berkeleycastleil00wood
003 - CONTROL NUMBER IDENTIFIER
control field CaSfIA
005 - DATE AND TIME OF LATEST TRANSACTION
control field 20210117192632.0
007 - PHYSICAL DESCRIPTION FIXED FIELD--GENERAL INFORMATION
fixed length control field cr||||
008 - FIXED-LENGTH DATA ELEMENTS--GENERAL INFORMATION
fixed length control field 051227s1950 xx 000 0 und d
040 ## - CATALOGING SOURCE
Original cataloging agency GEBAY
Language of cataloging ger
Transcribing agency GEBAY
Modifying agency CaSfIA
035 ## - SYSTEM CONTROL NUMBER
System control number (OCoLC)162668381
245 00 - TITLE STATEMENT
Title Berkeley Castle :
Medium [electronic resource]
Remainder of title An illustr. survey of the Gloucestershire home of the Berkeley Family. General ed.: Charles H. Wood
260 ## - PUBLICATION, DISTRIBUTION, ETC. (IMPRINT)
Place of publication, distribution, etc Derby
Name of publisher, distributor, etc Engl. Life Publ.
Date of publication, distribution, etc [ca. 1950]
300 ## - PHYSICAL DESCRIPTION
Extent 29 gez. Taf.
506 ## - RESTRICTIONS ON ACCESS NOTE
Standardized terminology for access restriction Необхідна авторизація на https://archive.org/ (створення облікового запису безкоштовно)
506 ## - RESTRICTIONS ON ACCESS NOTE
Standardized terminology for access restriction Необхідна авторизація на https://openlibrary.org/ (створення облікового запису безкоштовно)
700 1# - ADDED ENTRY--PERSONAL NAME
Personal name Wood, Charles H.
856 41 - ELECTRONIC LOCATION AND ACCESS
Uniform Resource Identifier <a href="http://www.archive.org/details/berkeleycastleil00wood">http://www.archive.org/details/berkeleycastleil00wood</a>
Public note Free eBook from the Internet Archive
856 42 - ELECTRONIC LOCATION AND ACCESS
Uniform Resource Identifier <a href="http://www.openlibrary.org/books/OL24589070M">http://www.openlibrary.org/books/OL24589070M</a>
Public note Additional information and access via Open Library
942 ## - ADDED ENTRY ELEMENTS (KOHA)
Koha item type ЕКнига

Немає доступних примірників.